A legislative history of the fishery conservation and management act of 1976 : Together with a section-by-section index

Contents: public law 94-265, the fishery conservation and management act of 1976; Senate debates and passage of H. R. 200; Senate reports and memorandums on S.961;...

में बचाया:
ग्रंथसूची विवरण
स्वरूप: पुस्तक
भाषा:Undetermined
प्रकाशित: Washington U.S. Goverment Printing Office 1976
टैग : टैग जोड़ें
कोई टैग नहीं, इस रिकॉर्ड को टैग करने वाले पहले व्यक्ति बनें!
Thư viện lưu trữ: Trung tâm Học liệu Trường Đại học Cần Thơ
LEADER 00682nam a2200169Ia 4500
001 CTU_219269
008 210402s9999 xx 000 0 und d
082 |a 343.73 
082 |b L514 
245 2 |a A legislative history of the fishery conservation and management act of 1976 : 
245 0 |b Together with a section-by-section index 
260 |a Washington 
260 |b U.S. Goverment Printing Office 
260 |c 1976 
520 |a Contents: public law 94-265, the fishery conservation and management act of 1976; Senate debates and passage of H. R. 200; Senate reports and memorandums on S.961;... 
904 |i Trúc 
980 |a Trung tâm Học liệu Trường Đại học Cần Thơ